A végrehajtó bizottság szervezete és működése
Elmentve itt :
| Szerző: | |
|---|---|
| További közreműködők: | |
| Dokumentumtípus: | Szakdolgozat |
| Megjelent: |
1970
|
| Tárgyszavak: | |
| Online Access: | http://diploma.bibl.u-szeged.hu/18154 |
| LEADER | 00560nta a2200157 i 4500 | ||
|---|---|---|---|
| 001 | dipl18154 | ||
| 005 | 20130314074607.0 | ||
| 008 | 111215s1970 hu om 0|| zxx d | ||
| 040 | |a SZTE Diploma Repozitórium |b hun | ||
| 041 | |a zxx | ||
| 100 | 1 | |a Deák Julianna | |
| 245 | 1 | 2 | |a A végrehajtó bizottság szervezete és működése |h [elektronikus dokumentum] / |c Julianna Deák |
| 260 | |c 1970 | ||
| 650 | 4 | |a Jogi és igazgatási tanulmányok | |
| 700 | 1 | |a nincs megadva |e ths | |
| 856 | 4 | 0 | |u http://diploma.bibl.u-szeged.hu/id/eprint/18154/1/1970_deak_julianna.pdf |z Dokumentum-elérés |